Konštrukčný návrh frézového vrhača snehu pre 6- kolesový traktor s výkonom minimálne 180 kW (Designed project of snow blower for 6-wheels trac-tor with minimum performance of 180 kW) [CD-ROM] : Diplomová práca

Enregistré dans:
Détails bibliographiques
Auteur principal: Juhás, František, 1984- (Auteur)
Autres auteurs: Gulan, Ladislav, 1956- (xxx)
Format: Manuscrit Livre
Langue:slovaque
Publié: Bratislava : STU v Bratislave SjF, 2008
Édition:1. vyd.
Sujets:
Tags: Ajouter un tag
Pas de tags, Soyez le premier à ajouter un tag!

MARC

LEADER 00000ntm a22000003a 4500
001 stu178891
005 20150617230043.7
008 090129s2008----xo------------------slo-d
040 |a STU  |b slo 
041 0 |a slo 
044 |a xo 
100 1 |a Juhás, František,  |d 1984-  |4 aut  |u J0030  |9 100  |U SjF Strojnícka fakulta  |T SjF Ústav dopravnej techniky a konštruovania  |X 13824  |U J0030  |Y 806  |7 A000013824 
245 1 |a Konštrukčný návrh frézového vrhača snehu pre 6- kolesový traktor s výkonom minimálne 180 kW (Designed project of snow blower for 6-wheels trac-tor with minimum performance of 180 kW) [CD-ROM] :  |b Diplomová práca 
250 |a 1. vyd. 
260 |a Bratislava :  |b STU v Bratislave SjF,  |c 2008 
300 |a 69 s 
650 7 |a frézový vrhač  |2 stusub 
650 7 |a sneh  |2 stusub 
650 7 |a traktor  |2 stusub 
650 7 |a snowblower  |2 estusub 
650 7 |a tractor  |2 estusub 
700 1 |a Gulan, Ladislav,  |d 1956-  |4 xxx  |u J0030  |U SjF Strojnícka fakulta  |T SjF Ústav dopravnej techniky a konštruovania  |X 2356  |U J0030  |Y 806  |7 A000002356 
700 1 |a Konôpka, Jozef  |4 csl 
996 |b 284J035209  |c J*209/DP  |l JJSK  |s A  |a 24  |w stu178891_0001